Modern chemical engineering (Record no. 24885)

000 -LEADER
fixed length control field 00620nam a22002171 4500
001 - CONTROL NUMBER
control field 24885
003 - CONTROL NUMBER IDENTIFIER
control field BD-DhUET
008 - FIXED-LENGTH DATA ELEMENTS--GENERAL INFORMATION
fixed length control field 741024s1963 nyua b 000 0 eng
040 ## - CATALOGING SOURCE
Original cataloging agency DLC
Transcribing agency DLC
Modifying agency BD-DhUET
082 ## - DEWEY DECIMAL CLASSIFICATION NUMBER
Classification number 660.284
Item number ACR/1963
100 ## - MAIN ENTRY--PERSONAL NAME
Personal name Acrivos, Andreas
245 10 - TITLE STATEMENT
Title Modern chemical engineering
250 ## - EDITION STATEMENT
Edition statement 1st ed.
260 ## - PUBLICATION, DISTRIBUTION, ETC. (IMPRINT)
Place of publication, distribution, etc. New York
Name of publisher, distributor, etc. Reinhold Publishing
Date of publication, distribution, etc. 1963
300 ## - PHYSICAL DESCRIPTION
Extent ix, 604 p.
Other physical details illus., diagrs.
Dimensions 24 cm.
490 ## - SERIES STATEMENT
Series statement Reinhold chemical engineering series
500 ## - GENERAL NOTE
General note Volume - 1 : Physical operations
504 ## - BIBLIOGRAPHY, ETC. NOTE
Bibliography, etc Includes bibliographies
650 #0 - SUBJECT ADDED ENTRY--TOPICAL TERM
Topical term or geographic name as entry element Chemical engineering
942 ## - ADDED ENTRY ELEMENTS (KOHA)
Koha item type Edited Book
Holdings
Not for loan Withdrawn status Shelving location Koha item type Damaged status Location (home branch) Koha date last seen Price effective from Date acquired Koha normalized classification for sorting Lost status Copy number Source of classification or shelving scheme Piece designation (barcode) Sublocation or collection (holding branch) Koha full call number
  Circulation sectionEdited Book Central Library, BUET2015-05-112015-05-112015-05-11660_284000000000000_ACR_1963 1 8102Central Library, BUET660.284/ACR/1963
  Circulation sectionEdited Book Central Library, BUET2015-05-132015-05-132015-05-13660_284000000000000_ACR_1963 2 10016Central Library, BUET660.284/ACR/1963